00565nam a2200169Ia 450000500170000000800410001702000150005808200130007310000170008624500580010326000470016130000130020850000580022194200060027995200950028599900150038020250509034100.0240331s9999 xx 000 0 und d a9559008277 bATUa891 aAthukorala,D 0aSatutin devi gewana maga ha sith thawulen midena maga aColombobSikasha mandhira publishersc2001 a236 p ., aTranslation of How To stop worrying and start living  cL 001040708LaWERCLbWERCLcSSCd2024-03-31l0o 150 ATUp5908r2024-03-31w2024-03-31yL c5045d5045